| 000 | 00509nam a22001937a 4500 | ||
|---|---|---|---|
| 005 | 20190617085401.0 | ||
| 008 | 171211b xxu||||| |||| 00| 0 spa d | ||
| 041 | _aspa | ||
| 082 | _aCR 863.44 V297a | ||
| 100 |
_aVargas Valverde, Walter _944865 |
||
| 245 | _aAlcahuetas, babosas, raras y malvadas | ||
| 260 | _aCosta Rica | ||
| 260 | _bW.C. Vargas V. | ||
| 260 | _c2010 | ||
| 300 | _a118 páginas | ||
| 650 |
_aCUENTOS COSTARRICENSES _92060 |
||
| 650 |
_aLITERATURA COSTARRICENSE _9424 |
||
| 942 | _cLIT | ||
| 999 |
_c10072 _d10072 |
||